书目信息 |
| 题名: |
FPGA技术开发
|
|
| 作者: | 李洪涛 , 顾陈 , 朱晓华 编著 | |
| 分册: | 高级篇 | |
| 出版信息: | 北京 国防工业出版社 2013 |
|
| 页数: | 249页 | |
| 开本: | 26cm | |
| 丛书名: | ||
| 单 册: | ||
| 中图分类: | TP332.1 | |
| 科图分类: | ||
| 主题词: | 可编程序逻辑阵列--系统设计 , 可编程序逻辑阵列 , 系统设计 | |
| 电子资源: | ||
| ISBN: | 978-7-118-08903-5 | |
| 000 | 01204nam0 2200289 450 | |
| 001 | 523 | |
| 005 | 20140910091953.65 | |
| 010 | @a978-7-118-08903-5@dCNY49.00 | |
| 100 | @a20131216d2013 em y0chiy50 ea | |
| 101 | 0 | @achi |
| 102 | @aCN@b110000 | |
| 105 | @ay z 000yy | |
| 106 | @ar | |
| 200 | 1 | @aFPGA技术开发@AFPGA Ji Shu Kai Fa@i高级篇@IGao Ji Pian@f李洪涛,顾陈,朱晓华编著@FLi Hong Tao, Gu Chen, Zhu Xiao Hua Bian Zhu |
| 210 | @a北京@c国防工业出版社@d2013 | |
| 215 | @a249页@d26cm@e附光盘1片 | |
| 330 | @a本书介绍了利用EDA软件开发FPGA的基本流程,FPGA高级开发技术以及FPGA发展的趋势等。全书内容主要包括第三方EDA软件介绍;Xilinx公司开发软件ISE简介;利用嵌入式逻辑分析仪调试FPGA的方法与技巧;FPGA底层开发技术——源语、约束与伪指令的设计;对Xilinx公司IP软核与嵌入式硬件资源的介绍;结合开发实例介绍FPGA在通信系统中的应用等。 | |
| 606 | 0 | @a可编程序逻辑阵列@x系统设计 |
| 606 | 0 | @a可编程序逻辑阵列 |
| 606 | 0 | @a系统设计 |
| 610 | 0 | @aFPGA |
| 690 | @aTP332.1@v5 | |
| 701 | 0 | @a李洪涛@ALi Hong Tao@c(电子技术)@4编著 |
| 701 | 0 | @a顾陈@AGu Chen@c(电子技术)@4编著 |
| 701 | 0 | @a朱晓华@AZhu Xiao Hua@f(1966~)@4编著 |
| 801 | 0 | @aCN@bTANGWEI@c20140603 |
| 905 | @b0841010-12@dTP332.1@e123@f3 | |
| FPGA技术开发.高级篇/李洪涛,顾陈,朱晓华编著.-北京:国防工业出版社,2013 |
| 249页;26cm+附光盘1片 |
| ISBN 978-7-118-08903-5:CNY49.00 |
| 本书介绍了利用EDA软件开发FPGA的基本流程,FPGA高级开发技术以及FPGA发展的趋势等。全书内容主要包括第三方EDA软件介绍;Xilinx公司开发软件ISE简介;利用嵌入式逻辑分析仪调试FPGA的方法与技巧;FPGA底层开发技术——源语、约束与伪指令的设计;对Xilinx公司IP软核与嵌入式硬件资源的介绍;结合开发实例介绍FPGA在通信系统中的应用等。 |
| ● |
| 相关链接 |
|
|
|
|
正题名:FPGA技术开发
索取号:TP332.1/123
 
预约/预借
| 序号 | 登录号 | 条形码 | 馆藏地/架位号 | 状态 | 备注 |
| 1 | 0841010 | 208410101 | 第二样本阅览室/ [索取号:TP332.1/123] | 在馆 | |
| 2 | 0841011 | 208410110 | 密集书库—计算机科学学院/ [索取号:TP332.1/123] | 在馆 | |
| 3 | 0841012 | 208410129 | 第三借阅区/ [索取号:TP332.1/123] | 在馆 |